000 01089nas a2200385 4500
001 BR2011001021
003 BR-BrBNA
005 20231205114442.0
007 ta
008 230509b bl.|||p| |||| 00| 00por d
040 _aBR-BrBNA
_bpor
_cBiblioteca Nacional de Agricultura
041 _a(En)
072 _aL73
100 1 _aSilva Filho, M. de F.
100 1 _aErzinger, E.
100 1 _aCunha, I.A.L. da
100 1 _aBugni, F.M.
100 1 _aHamada, F.N.
100 1 _aMarana, E.R.M.
100 1 _aFreire, R.L.
100 1 _aGarcia, J.L.
100 1 _aNavarro, I.T.
245 1 _aToxoplasma gondii: abortion outbreak in a goatherd from Southern Brazil
650 _aCAPRINO
650 _aABORTO
650 _aANTICORPO
650 _aTOXOPLASMA GONDII
650 _aTOXOPLASMOSE
650 _aPROTOZOÁRIO
650 _aIMUNOFLUORESCÊNCIA
650 _aPARANÁ
773 0 _tSemina- Ciências Agrárias (Brazil)
_xISSN 1676-546X
_g(Oct-Dec 2008), v. 29(4) p. 887-894
_wBR2011001021
909 _a202311
_bLúcia
_c55
_dLúcia Elande
942 _2AGRIS
_n0
_cANA
999 _c208836
_d208836